=LDR 00000nam 2200000 4500 =001 INLIS000000000015247 =005 20130612110528 =008 ***********************************Ind** =035 ##$$0010-061300000015247 =041 ##$$a Ind =082 ##$$a 631.44 =090 ##$$a 631.44, Not-t =100 ##$$a Norokadiprawiro, Tejoyuwono =245 ##$$a Tanah Estuarin, Watak, Sifat, Kelakuan dan Kesuburannya, Tejoyuwono Norokadiprawiro =260 ##$$a 1986 $b Jakart =300 ##$$a 141 hlm, Ilus, 21 cm =650 ##$$a Estuarin =850 ##$$a NBPNMAT